Curriculum Studies. (Record no. 2775)

MARC details
000 -LEADER
fixed length control field 00470nam a2200193 4500
003 - CONTROL NUMBER IDENTIFIER
control field OSt
005 - DATE AND TIME OF LATEST TRANSACTION
control field 20151202130725.0
008 - FIXED-LENGTH DATA ELEMENTS--GENERAL INFORMATION
fixed length control field 151202b xxu||||| |||| 00| 0 eng d
020 ## - INTERNATIONAL STANDARD BOOK NUMBER
International Standard Book Number 0582727065.
040 ## - CATALOGING SOURCE
Transcribing agency DDC.
082 ## - DEWEY DECIMAL CLASSIFICATION NUMBER
Classification number 375URE 1999.
100 ## - MAIN ENTRY--PERSONAL NAME
Personal name Urevbu,Andrew;
9 (RLIN) 6438
245 ## - TITLE STATEMENT
Title Curriculum Studies.
260 ## - PUBLICATION, DISTRIBUTION, ETC. (IMPRINT)
Place of publication, distribution, etc. Nigeria;
Name of publisher, distributor, etc. Longman.
Date of publication, distribution, etc. 1999.
300 ## - PHYSICAL DESCRIPTION
Extent 154p;
Other physical details ill;
Dimensions 23cm
504 ## - BIBLIOGRAPHY, ETC. NOTE
Bibliography, etc includes index
650 ## - SUBJECT ADDED ENTRY--TOPICAL TERM
Topical term or geographic name as entry element Curriculum.
9 (RLIN) 6362
942 ## - ADDED ENTRY ELEMENTS (KOHA)
Source of classification or shelving scheme Dewey Decimal Classification
Koha item type Short Loan
Holdings
Withdrawn status Lost status Source of classification or shelving scheme Damaged status Not for loan Home library Current library Date acquired Source of acquisition Inventory number Total Checkouts Full call number Barcode Date last seen Price effective from Koha item type
    Dewey Decimal Classification     MUST Main Library MUST Main Library 02/12/2015   2000/14605   375URE 1999. 2015-2883 02/12/2015 02/12/2015 Short Loan
    Dewey Decimal Classification     MUST Main Library MUST Main Library 26/04/2016   2001/15907   375URE 1999. 2016-1362 26/04/2016 26/04/2016 Short Loan
    Dewey Decimal Classification     MUST Main Library MUST Main Library 26/04/2016   2001/15906   375URE 1999. 2016-1363 26/04/2016 26/04/2016 Short Loan